000 00770nam a2200253 a 4500
001 BRCA_7967
005 20190320210056.0
008 110314s1955----gw-a###f##---#000-0#ger-#
041 _ager
044 _agw
050 4 _aNK2542
_b.Ch56
100 1 _aChippendale, Thomas
_d1718-1779
_913537
245 1 0 _aDer Chippendale - Stil
_cneuausgabe von Thomas Chippendale.
260 _aBonn
_bK. Schroeder
_c[1955]
300 _a57 p.
_bil., 212 láminas
_c34 cm.
500 _a3132
500 _aObra basada en el libro ´The Gentleman an the Cabinetmarker´s Director´
546 _aTexto en: alemán e inglés
650 1 4 _aMuebles Chippendale
_914200
650 1 4 _aMuebles ingleses
_99632
650 1 4 _aMuebles coloniales
_911731
902 _aGFM
942 _2lcc
_cB
999 _c7636
_d7636